[Event "Budapest Spring op 10th"]
[Site "Budapest"]
[Date "1994.??.??"]
[Round "7"]
[White "Florova, Olga"]
[Black "Berebora, Ferenc"]
[Result "1/2-1/2"]
[WhiteElo "2255"]
[BlackElo "2390"]
[PlyCount "115"]
[EventDate "1994.03.??"]
[EventType "swiss"]
[EventRounds "9"]
[EventCountry "HUN"]
[SourceTitle "EXT 1997"]
[Source "ChessBase"]
[SourceDate "1996.11.15"]
[SourceVersion "1"]
[SourceVersionDate "1996.11.15"]
[SourceQuality "1"]

1. e4 c5 2. Nc3 e6 3. f4 d5 4. d3 Nc6 5. Nf3 dxe4 6. dxe4 Qxd1+ 7. Kxd1 Bd7 8. Be3 0-0-0 9. Kc1 Nf6 10. a4 b6 11. Ba6+ Kb8 12. Rd1 Be7 13. h3 Be8 14. g4 h6 15. Rxd8+ Bxd8 16. Kd2 Bc7 17. Rd1 Nd4 18. Ne5 g5 19. Nd3 Bc6 20. e5 gxf4 21. Bxf4 Nd5 22. Bg3 f6 23. Rf1 Nxc3 24. bxc3 Nf3+ 25. Ke3 fxe5 26. Bb5 Bd5 27. c4 Bb7 28. a5 Rd8 29. a6 Ba8 30. c3 Kc8 31. Nf2 Nd4 32. Ba4 Rf8 33. Bd1 Nc6 34. Bf3 e4 35. Nxe4 Na5 36. Be2 Rxf1 37. Bxf1 Bxg3 38. Nxg3 Kd7 39. Kf4 Ke7 40. h4 Bc6 41. g5 hxg5+ 42. Kxg5 Kf7 43. h5 Bf3 44. Kf4 Bd1 45. Bd3 Kg7 46. Ke5 Bb3 47. Kxe6 Nxc4 48. Nf5+ Kh8 49. Ke7 Nb2 50. Bb5 Na4 51. c4 Nc3 52. Kd6 Nxb5+ 53. cxb5 Ba4 54. Kc6 c4 55. Nd4 c3 56. Kb7 Bxb5 57. Kxa7 Bxa6 58. Kxa6 1/2-1/2

[Event "URS-chT Republics (Women) 2nd final B"]
[Site "Azov"]
[Date "1991.??.??"]
[Round "4"]
[White "Florova, Olga"]
[Black "Alieva, Elmira"]
[Result "1-0"]
[WhiteElo "2160"]
[BlackElo "2175"]
[PlyCount "57"]
[EventDate "1991.??.??"]
[EventType "team-tourn"]
[EventRounds "6"]
[EventCountry "URS"]
[SourceTitle "EXT 2020"]
[Source "ChessBase"]
[SourceDate "2019.10.17"]
[SourceVersion "1"]
[SourceVersionDate "2019.10.17"]
[SourceQuality "1"]
[WhiteTeam "Leningrad (W)"]
[BlackTeam "Azerbaijan (W)"]
[WhiteTeamCountry "RUS"]
[BlackTeamCountry "AZE"]

1. e4 e6 2. d4 d5 3. Nd2 Nc6 4. Ngf3 Nf6 5. e5 Nd7 6. Bd3 Be7 7. c3 a5 8. a4 Na7 9. 0-0 c5 10. Re1 Nc6 11. Nf1 cxd4 12. cxd4 Nb4 13. Bb1 0-0 14. h4 f6 15. exf6 Nxf6 16. Ng5 Qb6 17. Nf3 e5 18. dxe5 Ng4 19. Be3 Bc5 20. Bxh7+ Kh8 21. e6 Nh6 22. Bxc5 Qxc5 23. Qe2 Qe7 24. Rac1 Nc6 25. Bb1 Qf6 26. Qc2 g6 27. Qxg6 Qxg6 28. Bxg6 Kg7 29. h5 1-0

[Event "URS-chT Republics (Women) 2nd Group2"]
[Site "Azov"]
[Date "1991.??.??"]
[Round "2"]
[White "Florova, Olga"]
[Black "Shumiakina, Tatiana"]
[Result "1/2-1/2"]
[WhiteElo "2160"]
[BlackElo "2345"]
[PlyCount "86"]
[EventDate "1991.??.??"]
[EventType "team-tourn"]
[EventRounds "6"]
[EventCountry "URS"]
[SourceTitle "EXT 2020"]
[Source "ChessBase"]
[SourceDate "2019.10.17"]
[SourceVersion "1"]
[SourceVersionDate "2019.10.17"]
[SourceQuality "1"]
[WhiteTeam "Leningrad (W)"]
[BlackTeam "Russia (W)"]
[WhiteTeamCountry "RUS"]
[BlackTeamCountry "RUS"]

1. e4 c5 2. Nc3 Nc6 3. g3 g6 4. Bg2 Bg7 5. d3 d6 6. f4 e6 7. Nf3 Nge7 8. 0-0 0-0 9. Be3 Nd4 10. e5 Nef5 11. Bf2 Bd7 12. Ne4 Nxf3+ 13. Bxf3 Bc6 14. g4 Nd4 15. Bxd4 Bxe4 16. Bf2 Bxf3 17. Qxf3 Rc8 18. Rae1 dxe5 19. fxe5 Qd5 20. Qxd5 exd5 21. c3 Rfe8 22. d4 cxd4 23. Bxd4 b6 24. Kf2 Rc6 25. Re2 Rce6 26. Rfe1 Bf8 27. b4 Be7 28. Kg3 Rc8 29. a3 a5 30. Rb1 axb4 31. axb4 Ra8 32. Rf1 f6 33. Rfe1 fxe5 34. Bxe5 Re8 35. Kf3 Bh4 36. Bg3 Rf8+ 37. Kg2 Bxg3 38. Rxe6 Bxe1 39. Rxe1 Rc8 40. Re6 Rxc3 41. Rxb6 Kf7 42. b5 Rb3 43. h4 Ke7 1/2-1/2